| 000 | 00836nam a2200205 i 4500 | ||
|---|---|---|---|
| 001 | 81082 | ||
| 003 | ES-MaACL | ||
| 005 | 20231205205044.0 | ||
| 007 | t| | ||
| 008 | 041102s1941 sp ||||1| spa d | ||
| 100 | 1 |
_aHoller, Gottfried. _964033 |
|
| 245 | 1 | 0 |
_aSintomatología de las enfermedades internas y su valor por el diagnóstico diferencial / _cpor Gottfried Holler y Robert Pfleger ; con un apéndice relativo a Sintomatología Roentgenológica por Rudolf Pape ; versión española por Juan Rof Carballo. |
| 260 |
_aBarcelona : _bLabor, _c1941 ( _fTalls. Gráfs. Ibero-Américanos) |
||
| 300 |
_aXXIV, 1174 p. : _bil. ; _c26 cm. |
||
| 700 | 1 |
_aPfleger, Robert. _991639 |
|
| 700 | 1 |
_aPape, Rudolf. _988866 |
|
| 700 | 1 |
_aRof Carballo, Juan, _d1905-1994 _998915 |
|
| 852 |
_aES-MaACL _jE-125 _bR.20456 |
||
| 999 |
_c81082 _d81082 |
||